00230nam a2200073Ia 4500008004100000082001500041100002500056245007500081240331s9999 xx 000 0 und d a303.6bETH a De Silva, K. M.. ed 0aEthnic conflict in Buddhist societies :bSri Lanka, Thailand and Burma